| 000 | 00883nam a2200289Ia 4500 | ||
|---|---|---|---|
| 003 | OSt | ||
| 005 | 20221005094611.0 | ||
| 006 | a|||||r|||| 00| 0 | ||
| 007 | ta | ||
| 008 | 221004b |||||||| |||| 00| 0 eng d | ||
| 020 |
_a0198752717 _c1515.65 |
||
| 024 | _a81869 | ||
| 037 |
_b713, 30/03/2005, Bhartiya Sahitya Bhawan _cTextual |
||
| 040 |
_aCRL _cCRL _beng |
||
| 041 |
_2eng _aeng |
||
| 082 | _aR3xC67:g(R4), P2 | ||
| 100 | _aAristotle | ||
| 245 | 0 | _aNicomachean ethics tr by Christopher Rowe and commentary by Sarah Broadie | |
| 260 |
_aOxford _bOxford University Press U. K. _c2002 |
||
| 300 |
_a468p. _ccm. |
||
| 650 |
_a ARISTOTLE _9416435 |
||
| 650 | _a ETHICS | ||
| 650 | _a PHILOSOPHY | ||
| 650 | _aPHILOSOPHERS | ||
| 942 |
_hR3xC67:g(R4), P2 _cTEXL _2cc |
||
| 999 |
_c1002164 _d1002164 |
||